Score 0/12 Timer 01:00
1 Play Today
Clue 3-Letter Word % Correct
Not goodBAD
98.4%
Canine AnimalDOG
97.1%
LargeBIG
97%
Make a holeDIG
96.5%
High in temperatureHOT
95.2%
Fifth month of the yearMAY
94.8%
What horses eatHAY
94.3%
Head CoveringHAT
94%
To offer as a priceBID
91.4%
Porcine AnimalHOG
87.6%
With [first rung], a famous superheroMAN
76.5%
With [last rung], a famous superheroBAT
74.4%

Today's Daily Dose

Missing Word
'T' Pairs

Word Ladder
Game Pieces

Get the Picture
Baseball Movies

Remove Ads.
Support Sporcle.
Get the best of Sporcle when you Go Orange. This ad-free experience offers more features, more stats, and more fun while also helping to support Sporcle. Thank you for becoming a member.

You're not logged in!

Compare scores with friends on all Sporcle quizzes.
OR
Log In

Show Comments

Extras

Top Quizzes Today


Score Distribution

Your Account Isn't Verified!

In order to create a playlist on Sporcle, you need to verify the email address you used during registration. Go to your Sporcle Settings to finish the process.

Report this User

Report this user for behavior that violates our Community Guidelines.

Details: